<?xml version="1.0" encoding="UTF-8"?>
<record
    xmlns:xsi="http://www.w3.org/2001/XMLSchema-instance"
    xsi:schemaLocation="http://www.loc.gov/MARC21/slim http://www.loc.gov/standards/marcxml/schema/MARC21slim.xsd"
    xmlns="http://www.loc.gov/MARC21/slim">

  <leader>01425cam a22003137a 4500</leader>
  <controlfield tag="001">17969506</controlfield>
  <controlfield tag="005">20220326193318.0</controlfield>
  <controlfield tag="008">131212s2012    cr a          000 0dspa d</controlfield>
  <datafield tag="010" ind1=" " ind2=" ">
    <subfield code="a">  2013374777</subfield>
  </datafield>
  <datafield tag="020" ind1=" " ind2=" ">
    <subfield code="a">9789930944363</subfield>
  </datafield>
  <datafield tag="020" ind1=" " ind2=" ">
    <subfield code="a">9930944362</subfield>
  </datafield>
  <datafield tag="035" ind1=" " ind2=" ">
    <subfield code="a">(OCoLC)ocn879676390</subfield>
  </datafield>
  <datafield tag="040" ind1=" " ind2=" ">
    <subfield code="a">LRU</subfield>
    <subfield code="c">LRU</subfield>
    <subfield code="d">OCLCO</subfield>
    <subfield code="d">OCLCA</subfield>
    <subfield code="d">DLC</subfield>
  </datafield>
  <datafield tag="042" ind1=" " ind2=" ">
    <subfield code="a">lccopycat</subfield>
  </datafield>
  <datafield tag="082" ind1=" " ind2=" ">
    <subfield code="a">708</subfield>
    <subfield code="b">Ch512p</subfield>
  </datafield>
  <datafield tag="100" ind1="1" ind2=" ">
    <subfield code="a">Arrieta, Fabrizio,</subfield>
    <subfield code="d">1982-</subfield>
    <subfield code="9">2425</subfield>
  </datafield>
  <datafield tag="245" ind1="1" ind2="3">
    <subfield code="a">El principio del f&#xED;n /</subfield>
    <subfield code="c">Fabricio Arrieta ; Mar&#xED;a Jos&#xE9; Chavarr&#xED;a, curadur&#xED;a.</subfield>
  </datafield>
  <datafield tag="260" ind1=" " ind2=" ">
    <subfield code="a">San Jos&#xE9;, Costa Rica :</subfield>
    <subfield code="b">Museo de Arte y Dise&#xF1;o Contempor&#xE1;neo,</subfield>
    <subfield code="c">[2012].</subfield>
  </datafield>
  <datafield tag="300" ind1=" " ind2=" ">
    <subfield code="a">48 p. :</subfield>
    <subfield code="b">col. ill. ;</subfield>
    <subfield code="c">25 cm.</subfield>
  </datafield>
  <datafield tag="500" ind1=" " ind2=" ">
    <subfield code="a">Cover title.</subfield>
  </datafield>
  <datafield tag="505" ind1=" " ind2=" ">
    <subfield code="t">Imagen/texto/Imagen</subfield>
    <subfield code="r">Fiorella Resenterra</subfield>
    <subfield code="t">Desde el principio del fin </subfield>
    <subfield code="r">Maria Jose Chavarria </subfield>
    <subfield code="t">Obras y referencias </subfield>
    <subfield code="t">El principio del fin - o quizas el final del comienzo: ciertas apropiaciones y paradojas de la imagen </subfield>
    <subfield code="r">Ernesto Calvo</subfield>
    <subfield code="t">Traducciones </subfield>
    <subfield code="t">Curriculim Vitae </subfield>
    <subfield code="t">Creditos </subfield>
  </datafield>
  <datafield tag="546" ind1=" " ind2=" ">
    <subfield code="a">Spanish and English.</subfield>
  </datafield>
  <datafield tag="600" ind1="1" ind2="0">
    <subfield code="a">Arrieta, Fabrizio,</subfield>
    <subfield code="d">1982-</subfield>
    <subfield code="9">2426</subfield>
  </datafield>
  <datafield tag="650" ind1=" " ind2="0">
    <subfield code="a">Painting, Costa Rican</subfield>
    <subfield code="v">Exhibitions.</subfield>
    <subfield code="9">2427</subfield>
  </datafield>
  <datafield tag="700" ind1="1" ind2=" ">
    <subfield code="a">Chavarr&#xED;a, Mar&#xED;a Jos&#xE9;.</subfield>
    <subfield code="9">2428</subfield>
  </datafield>
  <datafield tag="710" ind1="2" ind2=" ">
    <subfield code="a">Museo de Arte y Dise&#xF1;o Contempor&#xE1;neo (San Jos&#xE9;, Costa Rica)</subfield>
    <subfield code="9">2429</subfield>
  </datafield>
  <datafield tag="906" ind1=" " ind2=" ">
    <subfield code="a">7</subfield>
    <subfield code="b">cbc</subfield>
    <subfield code="c">copycat</subfield>
    <subfield code="d">3</subfield>
    <subfield code="e">ncip</subfield>
    <subfield code="f">20</subfield>
    <subfield code="g">y-gencatlg</subfield>
  </datafield>
  <datafield tag="999" ind1=" " ind2=" ">
    <subfield code="c">526</subfield>
    <subfield code="d">526</subfield>
  </datafield>
  <datafield tag="952" ind1=" " ind2=" ">
    <subfield code="0">0</subfield>
    <subfield code="1">0</subfield>
    <subfield code="2">ddc</subfield>
    <subfield code="4">0</subfield>
    <subfield code="7">0</subfield>
    <subfield code="a">LV</subfield>
    <subfield code="b">LV</subfield>
    <subfield code="c">Monograf&#xED;as</subfield>
    <subfield code="d">2015-04-17</subfield>
    <subfield code="l">0</subfield>
    <subfield code="o">708 Ch512p</subfield>
    <subfield code="p">000583</subfield>
    <subfield code="r">2015-04-17 00:00:00</subfield>
    <subfield code="w">2015-04-17</subfield>
    <subfield code="y">01</subfield>
  </datafield>
</record>
